Foundations of education : (Record no. 32521)

000 -LEADER
fixed length control field 00708nam a22001937a 4500
008 - FIXED-LENGTH DATA ELEMENTS--GENERAL INFORMATION
fixed length control field 260612b |||||||| |||| 00| 0 eng d
020 ## - INTERNATIONAL STANDARD BOOK NUMBER
International Standard Book Number 9780891287698
050 ## - LIBRARY OF CONGRESS CALL NUMBER
Classification number HV 1626
Item number .F65 2017
245 ## - TITLE STATEMENT
Title Foundations of education :
Statement of responsibility, etc. edited by M. Cay Holbrook...[et al.].
Remainder of title history and theory of teaching children and youths with visual impairments /
250 ## - EDITION STATEMENT
Edition statement 3rd ed.
260 ## - PUBLICATION, DISTRIBUTION, ETC. (IMPRINT)
Place of publication, distribution, etc. New York :
Name of publisher, distributor, etc. AFBPress,
Date of publication, distribution, etc. 2017.
300 ## - PHYSICAL DESCRIPTION
Extent xix, 529p. :
Other physical details ill. ;
Dimensions 24 cm.
504 ## - BIBLIOGRAPHY, ETC. NOTE
Bibliography, etc include bibliographical references and index.
650 ## - SUBJECT ADDED ENTRY--TOPICAL TERM
Topical term or geographic name as entry element special education.
700 ## - ADDED ENTRY--PERSONAL NAME
Personal name Holbrook M. Cay
700 ## - ADDED ENTRY--PERSONAL NAME
Personal name McCarthy Tessa
700 ## - ADDED ENTRY--PERSONAL NAME
Personal name Kamei-Hannan Cheryl
942 ## - ADDED ENTRY ELEMENTS (KOHA)
Source of classification or shelving scheme
Koha item type Hard Covered Materials
Classification part HV 1626 .F65 2017
Holdings
Withdrawn status Lost status Source of classification or shelving scheme Damaged status Not for loan Home library Current library Shelving location Date acquired Source of acquisition Total Checkouts Full call number Barcode Date last seen Price effective from Koha item type
          MACHAKOS UNIVERSITY LIBRARY MACHAKOS UNIVERSITY LIBRARY Open shelf 04/06/2026 KNTCC   HV 1626 .F65 2017 40600 12/06/2026 12/06/2026 Hard Covered Materials
© Machakos University Library, Along The Highway, Machakos Wote Rd, Machakos, Kenya P.O. Box 136 - 90100 Machakos - Kenya

Tel: ( +254 ) 723 805829 OR Fax : 044-20353 OR Email: library@mksu.ac.ke